Tutto su mia nonna /

Fernanda lascia in eredità alle quattro figlie e ai nipoti i beni che le sono appartenuti in vita. E intorno all'eredità e alla contrastata divisione dei lasciti materiali della donna, ruota, in apparenza, questo nuovo libro di Silvia Ballestra. Anche perché le figlie di Fernanda sono venute su liti...

全面介紹

Saved in:
書目詳細資料
主要作者: Ballestra, Silvia (Author)
格式: 圖書
語言:意大利语
出版: Torino : Einaudi, 2005
叢編:Einaudi stile libero. Big
標簽: 添加標簽
沒有標簽, 成為第一個標記此記錄!

MARC

LEADER 00000nam a22000007i 4500
001 IT\ICCU\TO0\1402240
003 ItRI
005 20260115231854.0
008 050428s2005 it |||||| ||||| |||||c
020 |a 8806172700 
040 |b ita  |c importazione bologna sebina 
041 7 |a ita  |2 ISO-639-2 
082 |a 853.914  |9 NARRATIVA ITALIANA, 1945-1999  |2 21 
100 1 |a Ballestra, Silvia  |0 IT\ICCU\RAVV\064129  |4 aut 
240 1 0 |a Tutto su mia nonna  |3 IT\ICCU\RMB\0823329  |9 Ballestra, Silvia 
245 1 0 |a Tutto su mia nonna /  |c Silvia Ballestra. 
260 |a Torino :  |b Einaudi,  |c 2005 
300 |a 200 p. ;  |c 21 cm 
520 |a Fernanda lascia in eredità alle quattro figlie e ai nipoti i beni che le sono appartenuti in vita. E intorno all'eredità e alla contrastata divisione dei lasciti materiali della donna, ruota, in apparenza, questo nuovo libro di Silvia Ballestra. Anche perché le figlie di Fernanda sono venute su litigiose, fra piccole manie, rivalità e gelosie che, guardate dalla prospettiva dei nipoti - e di una nipote in particolare, di cui l'autrice sposa il punto di vista - continuano a generare una quantità di conflitti grandi e piccoli, ripicche, smanie e belligeranze, spesso, di tutti contro tutti. Una singolare saga familiare al femminile, allegra e sentimentale e non priva di follia, che gioca su vari registri, dall'elegiaco al comico e all'auto-ironia. 
830 0 |a Einaudi stile libero. Big  |0 IT\ICCU\UBO\2644799 
942 |2 ddc  |c BK  |n 0 
952 |0 0  |1 0  |4 0  |6 DOC_853_914000000000000_BAL  |7 0  |9 14873  |a BO  |b BO  |d 2026-01-15  |i 14080  |l 0  |o DOC 853.914 BAL  |p BO14080  |r 2026-01-15 23:18:54  |w 2026-01-15  |x [Sebina 5] [1 v.]  |y BK  |z 1 v. 
999 |c 12815  |d 12815